[Event "Challenge"]
[Site "http://www.queenalice.com/game.php?id=1341935"]
[Date "2015.2.15"]
[Round "-"]
[White "Ettedualc"]
[Black "LUKK22"]
[Result "0-1"]
[WhiteElo "2488"]
[BlackElo "2649"]

1. c4 g6 2. c5 Bg7 3. g3 d6 4. cxd6 Qxd6 5. Bg2 Nf6 6. Qb3 c6 7. d3 O-O 8. Bg5
Na6 9. Nc3 Nc5 10. Qc2 Nd5 11. Nxd5 cxd5 12. b4 Ne6 13. a3 Nxg5 14. h4 Bxa1 15.
hxg5 Bg7 16. Nf3 Bg4 17. Rh4 Bxf3 18. Bxf3 e6 19. d4 Rac8 20. Qd3 Qb6 21. e3
Rc1+ 22. Ke2 Rfc8 23. Rh1 R8c2+ 24. Qd2 Rxd2+ 25. Kxd2 Rxh1 26. Ke2 a5 27. bxa5
Qxa5 28. Bxh1 Qxa3 29. Bg2 Qb2+ 30. Kf3 b5 0-1

[Event "Challenge"]
[Site "http://www.queenalice.com/game.php?id=1341936"]
[Date "2015.2.15"]
[Round "-"]
[White "Ettedualc"]
[Black "LUKK22"]
[Result "0-1"]
[WhiteElo "2493"]
[BlackElo "2644"]

1. c4 g6 2. g4 Bg7 3. Bg2 d6 4. Qb3 Nf6 5. g5 Ng4 6. h3 Ne5 7. Bxb7 Bxb7 8. f3
Qc8 9. Nc3 O-O 10. Nd5 Bxd5 11. cxd5 Nbd7 12. e4 Rb8 13. Qc2 c6 14. b3 Nxf3+ 15.
Nxf3 Bxa1 16. Bb2 Bxb2 17. Qxb2 c5 18. d4 a6 19. h4 Nb6 20. O-O Qg4+ 21. Qg2
Qxg2+ 22. Kxg2 c4 23. bxc4 Nxc4 24. Rc1 Rbc8 25. Rb1 Rb8 26. Rxb8 Rxb8 27. Kg3
Rb2 28. a4 Ra2 29. e5 dxe5 30. dxe5 Rxa4 0-1

[Event "AUTO-OPEN-3404"]
[Site "http://www.queenalice.com/game.php?id=1364562"]
[Date "2015.6.10"]
[Round "2"]
[White "Ettedualc"]
[Black "pcmvr"]
[Result "0-1"]
[WhiteElo "2467"]
[BlackElo "2256"]

1. g4 d5 2. c4 dxc4 3. Qa4+ Nc6 4. Bg2 Qd6 5. Na3 Qc5 6. Nf3 Rb8 7. Qxc4 Qxc4 8.
Nxc4 Bxg4 9. b3 Rd8 10. Ng5 Bd7 11. Bb2 f6 12. Ne4 e5 13. Rc1 Nb4 14. O-O Bc8
15. Ne3 c6 0-1

[Event "AUTO-OPEN-3404"]
[Site "http://www.queenalice.com/game.php?id=1364563"]
[Date "2015.6.10"]
[Round "2"]
[White "pcmvr"]
[Black "Ettedualc"]
[Result "1-0"]
[WhiteElo "2237"]
[BlackElo "2480"]

1. b4 g6 2. Bb2 Nf6 3. Nf3 Bg7 4. e3 O-O 5. c4 d6 6. Be2 e5 7. d3 e4 8. dxe4
Nxe4 9. Bxg7 Kxg7 10. Qd4+ Qf6 11. Bd3 Nc6 12. Qxf6+ Nxf6 13. a3 a5 14. b5 Ne5
15. Nxe5 dxe5 16. Nc3 1-0

[Event "AUTO-OPEN-3404"]
[Site "http://www.queenalice.com/game.php?id=1364564"]
[Date "2015.6.10"]
[Round "2"]
[White "Ettedualc"]
[Black "silverado"]
[Result "1-0"]
[WhiteElo "2484"]
[BlackElo "1812"]

1. g4 d6 2. h3 f5 3. Bg2 c6 4. Nf3 fxg4 5. hxg4 Bxg4 6. Ng5 h6 7. Be4 hxg5 8.
Bg6+ Kd7 9. Rxh8 Nf6 10. d4 Na6 11. f3 Be6 12. Bxg5 Qb6 13. b3 Nb4 14. c4 Qa5
15. Bd2 c5 16. d5 Bg8 17. Nc3 Qb6 18. Bg5 Bxd5 19. Bxf6 exf6 20. Nxd5 1-0

[Event "AUTO-OPEN-3404"]
[Site "http://www.queenalice.com/game.php?id=1364565"]
[Date "2015.6.10"]
[Round "2"]
[White "silverado"]
[Black "Ettedualc"]
[Result "0-1"]
[WhiteElo "1814"]
[BlackElo "2483"]

1. e4 g6 2. d4 d6 3. d5 Bg7 4. c3 Nf6 5. Bd3 c6 6. Qa4 Nbd7 7. dxc6 bxc6 8. Qxc6
Rb8 9. Na3 O-O 10. Bc4 Nc5 11. e5 Bb7 12. Qxb7 Rxb7 13. exf6 exf6 14. Be3 Rxb2
15. Nf3 Qa5 16. Bxc5 Qxc3+ 17. Kf1 dxc5 18. Re1 Qxa3 19. h4 Qc3 0-1

[Event "AUTO-OPEN-3627"]
[Site "http://www.queenalice.com/game.php?id=1414073"]
[Date "2016.3.19"]
[Round "1"]
[White "rodrigofortes"]
[Black "Ettedualc"]
[Result "0-1"]
[WhiteElo "1743"]
[BlackElo "2412"]

1. Nf3 d6 2. g3 g6 3. Bg2 Bg7 4. O-O Nf6 5. d3 O-O 6. e4 c5 7. Re1 Nc6 8. Nc3
Bg4 9. h3 Bxf3 10. Bxf3 Nd7 11. Bd2 e6 12. a3 h5 13. h4 Nde5 14. b4 Nxf3+ 15.
Qxf3 cxb4 16. axb4 Nxb4 17. Qd1 Qd7 18. Ra4 Bxc3 19. Bxc3 Qxa4 20. Qb1 a5 21.
Qb3 Qxb3 22. cxb3 Nxd3 23. Ra1 f5 24. e5 dxe5 25. Bxa5 Rfc8 26. Kf1 e4 27. Bc3
Rxa1+ 0-1

[Event "AUTO-OPEN-3627"]
[Site "http://www.queenalice.com/game.php?id=1414074"]
[Date "2016.3.19"]
[Round "1"]
[White "Ettedualc"]
[Black "LUKK22"]
[Result "0-1"]
[WhiteElo "2427"]
[BlackElo "2702"]

1. c4 g5 2. g3 Bg7 3. Bg2 d6 4. Qb3 c6 5. Nf3 g4 6. Nd4 c5 7. Nc2 Qb6 8. Qxb6
axb6 9. Nc3 Bxc3 10. dxc3 Be6 11. b3 Nf6 0-1

[Event "AUTO-OPEN-3627"]
[Site "http://www.queenalice.com/game.php?id=1414075"]
[Date "2016.3.19"]
[Round "1"]
[White "LUKK22"]
[Black "Ettedualc"]
[Result "1-0"]
[WhiteElo "2699"]
[BlackElo "2430"]

1. c4 d6 2. g3 g6 3. Bg2 Bg7 4. Qa4+ c6 5. Nc3 Bxc3 6. dxc3 Nf6 7. Bg5 O-O 8.
O-O-O Nh5 9. g4 Ng7 10. Bh6 c5 11. Qb3 1-0

[Event "AUTO-OPEN-3628"]
[Site "http://www.queenalice.com/game.php?id=1414407"]
[Date "2016.3.21"]
[Round "1"]
[White "uschmidi"]
[Black "Ettedualc"]
[Result "1-0"]
[WhiteElo "2107"]
[BlackElo "2426"]

1. d4 g6 2. Nf3 Bg7 3. e3 Nf6 4. Bc4 d5 5. Bb3 O-O 6. O-O c5 7. dxc5 Na6 8. Nc3
e6 9. Na4 Bd7 10. Qd4 Ne4 11. Qd1 Qa5 12. Bd2 Nxd2 13. Qxd2 Qxd2 14. Nxd2 Bxa4
15. Bxa4 Nxc5 16. Bb5 a6 17. Bd3 Na4 18. Rab1 Nxb2 19. Nb3 Na4 20. Nd4 e5 21.
Nb3 e4 22. Be2 Nc3 23. Rbe1 Nxa2 24. c4 dxc4 25. Bxc4 Nc3 26. Nd4 b5 27. Bb3
Bxd4 28. exd4 a5 29. Re3 b4 30. Ra1 1-0

[Event "AUTO-OPEN-3628"]
[Site "http://www.queenalice.com/game.php?id=1414408"]
[Date "2016.3.21"]
[Round "1"]
[White "Ettedualc"]
[Black "uschmidi"]
[Result "1-0"]
[WhiteElo "2426"]
[BlackElo "2107"]

1. g4 d5 2. Bg2 Bxg4 3. c4 e6 4. Qa4+ c6 5. cxd5 Bf5 6. dxc6 bxc6 7. Nc3 Qb6 8.
Nf3 Bc5 9. d4 Bb4 10. Ne5 Ne7 11. Nc4 Bxc3+ 12. bxc3 O-O 13. Nxb6 1-0

[Event "AUTO-OPEN-3628"]
[Site "http://www.queenalice.com/game.php?id=1414430"]
[Date "2016.3.21"]
[Round "1"]
[White "Rafale2000"]
[Black "Ettedualc"]
[Result "0-1"]
[WhiteElo "2041"]
[BlackElo "2425"]

1. e4 g5 2. Bc4 Bg7 3. d4 Nc6 4. c3 e6 5. Be3 d5 6. exd5 exd5 7. Bb3 Be6 8. Ne2
h6 9. Nd2 Nf6 10. O-O Qd6 11. c4 Qe7 12. cxd5 Nxd5 13. Rc1 O-O-O 14. Ba4 Ncb4
15. a3 Nd3 16. Rc2 Nxe3 17. fxe3 Bd5 18. Bb5 Qxe3+ 0-1

[Event "AUTO-OPEN-3628"]
[Site "http://www.queenalice.com/game.php?id=1414432"]
[Date "2016.3.21"]
[Round "1"]
[White "Quaff"]
[Black "Ettedualc"]
[Result "0-1"]
[WhiteElo "1927"]
[BlackElo "2398"]

1. e4 g6 2. d4 Bg7 3. Be3 d6 4. h3 c5 5. c3 Nf6 6. Bd3 O-O 7. Nf3 d5 8. e5 Ne4
9. Bxe4 dxe4 10. Nfd2 cxd4 11. cxd4 f5 12. Nc3 f4 13. Bxf4 Rxf4 14. Ndxe4 Nc6
15. O-O Nxd4 16. f3 Bxe5 17. Re1 Bf5 18. Ne2 Rxf3 19. gxf3 Nxf3+ 20. Kf2 Nxe1
21. Qb3+ Kh8 22. Ng5 Nd3+ 23. Kg1 Qc7 24. Nf7+ Kg7 25. Nxe5 Qc5+ 0-1

[Event "AUTO-OPEN-3665"]
[Site "http://www.queenalice.com/game.php?id=1427125"]
[Date "2016.6.11"]
[Round "1"]
[White "Suso71"]
[Black "Ettedualc"]
[Result "1-0"]
[WhiteElo "2834"]
[BlackElo "2402"]

1. e4 g6 2. d4 Bg7 3. c4 d6 4. Nf3 c5 5. d5 Nd7 6. Nc3 Ne5 7. Nxe5 Bxe5 8. Bd3
Bd7 9. h3 a6 10. O-O Qc8 11. f4 Bd4+ 12. Kh2 Rb8 13. Qe2 Qc7 14. Be3 Nh6 15.
Bxd4 cxd4 16. Nb1 Qb6 17. Qf2 O-O 18. b3 e6 19. Nd2 Rbe8 20. Rac1 f5 21. dxe6
Rxe6 22. c5 dxc5 23. Bc4 Bb5 24. Bxe6+ Qxe6 25. Rfe1 b6 26. Qh4 Nf7 27. exf5
Qxf5 28. Re7 g5 29. fxg5 Qxg5 30. Qxg5+ Nxg5 31. a4 1-0

[Event "AUTO-OPEN-3665"]
[Site "http://www.queenalice.com/game.php?id=1427126"]
[Date "2016.6.11"]
[Round "1"]
[White "Ettedualc"]
[Black "Suso71"]
[Result "0-1"]
[WhiteElo "2401"]
[BlackElo "2835"]

1. c4 c6 2. Nc3 d5 3. d4 Nf6 4. Nf3 e6 5. e3 Nbd7 6. Bd3 dxc4 7. Bxc4 b5 8. Be2
Bb7 9. O-O Be7 10. Qc2 a6 11. Rd1 c5 12. dxc5 Bxc5 13. Ne5 Rc8 14. Nxd7 Nxd7 15.
Ne4 Be7 16. Qd3 Bd5 17. Ng3 Qc7 18. f4 Nc5 19. Qd2 O-O 20. Qe1 Qb7 21. Bf1 b4
22. Rd4 Ne4 23. Nxe4 Bxe4 24. a3 b3 25. Bd2 Rc2 26. Rd1 Rxb2 27. Bb4 Bc2 28. Qc3
Ra2 29. Rd7 Bxb4 0-1

[Event "AUTO-OPEN-3665"]
[Site "http://www.queenalice.com/game.php?id=1427147"]
[Date "2016.6.11"]
[Round "1"]
[White "ratorei"]
[Black "Ettedualc"]
[Result "0-1"]
[WhiteElo "2084"]
[BlackElo "2400"]

1. Nf3 g6 2. e4 c5 3. d4 cxd4 4. Nxd4 Nc6 5. Be3 d6 6. Be2 Nf6 7. Nc3 Bg7 8. f3
O-O 9. Qd2 Nxd4 10. Bxd4 Be6 11. g4 Qa5 12. h4 h5 13. a3 Rfc8 14. g5 Nd7 15.
Bxg7 Kxg7 16. f4 Rc7 17. Qd4+ Kg8 18. O-O Rac8 19. f5 Bc4 20. fxg6 fxg6 21. Bd3
Qe5 22. Qf2 Kg7 23. Bxc4 Rxc4 24. Kg2 Qe6 25. Rae1 b5 26. Re3 a5 27. Re2 b4 28.
axb4 axb4 29. Nd1 Qg4+ 0-1

[Event "AUTO-OPEN-3665"]
[Site "http://www.queenalice.com/game.php?id=1427148"]
[Date "2016.6.11"]
[Round "1"]
[White "Ettedualc"]
[Black "ratorei"]
[Result "1-0"]
[WhiteElo "2399"]
[BlackElo "2018"]

1. c4 c5 2. Nc3 Nf6 3. e4 d6 4. Be2 Nc6 5. Nf3 g6 6. d4 cxd4 7. Nxd4 Bg7 8. Be3
a6 9. h3 e5 10. Nxc6 bxc6 11. Qd2 O-O 12. O-O-O Ne8 13. c5 d5 14. exd5 cxd5 15.
Qxd5 Qxd5 16. Nxd5 Be6 17. Bc4 Kh8 18. Nb6 Ra7 19. Bxe6 fxe6 20. Rd7 Rxd7 21.
Nxd7 Rf7 22. Rd1 h6 23. a3 Nc7 24. c6 Nd5 25. Rxd5 1-0

[Event "AUTO-OPEN-3665"]
[Site "http://www.queenalice.com/game.php?id=1427161"]
[Date "2016.6.11"]
[Round "1"]
[White "Ettedualc"]
[Black "maurice91"]
[Result "1-0"]
[WhiteElo "2413"]
[BlackElo "1779"]

1. g4 d5 2. Bg2 e5 3. d4 e4 4. c4 c6 5. Nc3 Bxg4 6. Qb3 b6 7. cxd5 cxd5 8. Nxd5
f5 9. Bf4 Nd7 10. Nc7+ Ke7 11. Qe6# 1-0

[Event "AUTO-OPEN-3665"]
[Site "http://www.queenalice.com/game.php?id=1427162"]
[Date "2016.6.11"]
[Round "1"]
[White "maurice91"]
[Black "Ettedualc"]
[Result "1-0"]
[WhiteElo "1854"]
[BlackElo "2414"]

1. d4 g6 2. c4 Bg7 3. e4 d6 4. Nc3 Nf6 5. Be2 c5 6. d5 O-O 7. h3 e6 8. Nf3 exd5
9. cxd5 Re8 10. Qc2 Qe7 11. Bd3 Nxe4 12. Nxe4 Na6 13. Bxa6 1-0